Το Άγιον Όρος : άλλοτε και νυν

Αποθηκεύτηκε σε:
Λεπτομέρειες βιβλιογραφικής εγγραφής
Κύριος συγγραφέας: Παρασκευόπουλος, Γεώργιος Π.
Μορφή: Βιβλίο
Γλώσσα:Greek
Δημοσίευση: Εν Αθήναις : 1923
Θέματα:
Ετικέτες: Προσθήκη ετικέτας
Δεν υπάρχουν, Καταχωρήστε ετικέτα πρώτοι!

MARC

LEADER 00000cam a2200000 i 4500
001 1/95131
008 081009s1923 gre d
035 |l 10100741 
040 |a GR-MY-UA  |b gre  |e aacr 
041 0 |a gre 
082 0 |a 271.81949565  |2 (22) 
100 1 |a Παρασκευόπουλος, Γεώργιος Π. 
245 1 3 |a Το Άγιον Όρος :  |b άλλοτε και νυν /  |c Γεωργίου Π. Παρασκευόπουλου 
260 |a Εν Αθήναις :   |c 1923 
300 |a 80 σ.;  |c 17 εκ. 
500 |a "Διάλεξις γενομένη εν τη μεγάλη αιθούση του Φιλολογικού Συλλόγου <<Ο Παρνασσός>> τη 28 Μαρτίου 1923" 
650 0 0 |a Monasteries  |z Greece  |z Athos. 
651 0 |a Athos (Greece)  |x Church history. 
651 0 |a Athos (Greece)  |x History. 
852 |a INST  |b RHODES  |c AKA  |e 20081009  |h  271.81949565 ΠΑΡ  |p 005400030889  |q 005400030889  |t BK  |y 0 
901 |a BIBL4-2008-3 
909 |a Ρ  |b 153170 
970 |a ΚΟΖΑ  |b ΜΑΡΙΑ  |z 2008/10/09